00626nam a22001814a 450000500170000002000260001703700250004308200130006810000310008124500390011226000420015127000310019330000300022450400310025494200270028599900170031295201150032920100909115446.0 a9781859748886c495.00 bAbilash Book Centre 00a796.8153 aStepan, Charles A. 91909810aTaekwondo /cby Charles A. Stepan  bNew Holland Publishers c2002aLondon a86 Edgware Road, bLondon  a96p. bphotos c26cm(Hb)  aIncludes glossary & index  2ddccENh796.8153mSTE c44700d44700 0010407-18NFICaAGbAGd2010-09-09g495.00l0o796.8153 STEr2010-09-09 00:00:00t1v495.00w2010-09-09yEN